The Activities of the OPEC Organization in the Context of Contemporary International Relations
OPEC je ústredná nadnárodná organizácia ovplyvňujúca globálne ceny ropy. Jeho postavenie je ovplyvnené schopnosťou členských krajín dohodnúť sa na objemoch vývozu a tým určiť smer medzinárodného trhu s ropou. Tento článok sa zameriava na význam a aktivity organizácie OPEC, ako aj na výzvy, ktorým v...
Salvato in:
| Autore principale: | |
|---|---|
| Natura: | Capitolo di libro |
| Lingua: | inglese |
| Soggetti: | |
| Tags: |
Nessun Tag, puoi essere il primo ad aggiungerne!!
|
MARC
| LEADER | 00000naa$a2200000$$$4500 | ||
|---|---|---|---|
| 001 | 0314492 | ||
| 005 | 20260123120325.2 | ||
| 041 | 0 | |a eng | |
| 044 | |a SK | ||
| 245 | 1 | 0 | |a The Activities of the OPEC Organization in the Context of Contemporary International Relations |c Ján Dančo |
| 520 | |a OPEC je ústredná nadnárodná organizácia ovplyvňujúca globálne ceny ropy. Jeho postavenie je ovplyvnené schopnosťou členských krajín dohodnúť sa na objemoch vývozu a tým určiť smer medzinárodného trhu s ropou. Tento článok sa zameriava na význam a aktivity organizácie OPEC, ako aj na výzvy, ktorým v súčasnosti čelí. Z hľadiska silných stránok má organizácia kľúčovú schopnosť regulovať globálne ceny ropy. | ||
| 610 | 2 | 0 | |a právo |
| 610 | 2 | 0 | |a Európska únia |
| 610 | 2 | 0 | |a obchod medzinárodný |
| 610 | 2 | 0 | |a financie |
| 610 | 2 | 0 | |a politika zahraničná |
| 610 | 2 | 0 | |a porovnanie medzinárodné |
| 100 | 1 | |a Dančo, Ján, 1996- | |